MARC

LEADER 00000nam a22000007a 4500
005 20190912230552.0
007 cr|||| ||||
008 190912c20152015mx tr|w s|||| 0|||||spa d
035 |a 12956 
040 |a vLex 
090 |c 9506  |d 9506 
245 0 0 |a Anadeinforma  |h [Recurso electrn̤ico] / 
256 |a Servicio en ln̕ea 
260 |a Ciudad de Mx̌ico:  |b Asociacin̤ Nacional de Abogados de Empresa (ANADE),  |c 2015 
300 |a 1 recurso electrn̤ico 
310 |a Cuatrimestral 
506 1 |a Disponible solo en los productos indicados  |d vLex Global  |d vLex Global (Academic Edition, excluding Law Schools)  |d vLex Global (U.S. Academic Edition, Law Schools)  |d vLex Global (U.S. Academic Edition, excluding Law Schools)  |d vLex Global (Academic Edition, Law Schools) 
650 0 4 |a Derecho Civil  |z Mx̌ico 
650 0 4 |a Derecho Mercantil y de la Empresa  |z Mx̌ico 
650 0 4 |a Derecho Laboral y Seguridad Social  |z Mx̌ico 
650 0 4 |a Derecho Penal  |z Mx̌ico 
650 0 4 |a Derecho Fiscal  |z Mx̌ico 
650 0 4 |a Derecho Pb︢lico y Administrativo  |z Mx̌ico 
650 0 4 |a Derecho del Medio Ambiente  |z Mx̌ico 
740 0 |a vLex Revistas (Servicio en ln̕ea) 
856 4 0 |u http://vlex.com/source/anadeinforma-12956  |z Acceso restringido 
942 |c BOOK 
999 0 |a Civil Law 
999 0 |a Commercial and Business Law 
999 0 |a Labor Law and Social Security 
999 0 |a Criminal Law 
999 0 |a Tax Law 
999 0 |a Public and Administrative Law 
999 0 |a Environmental Law